| 000 | 00610nas a2200229 4500 | ||
|---|---|---|---|
| 001 | BR9702606 | ||
| 003 | BR-BrBNA | ||
| 005 | 20231205100221.0 | ||
| 007 | ta | ||
| 008 | 230509b bl.|||p| |||| 00| 00por d | ||
| 040 |
_aBR-BrBNA _bpor _cBiblioteca Nacional de Agricultura |
||
| 041 | _a(Pt) | ||
| 072 | _aM12 | ||
| 100 | 1 | _aPimentel, J.C. de C. | |
| 245 | 1 | _aO rei dos lambaris | |
| 650 | _aLambari | ||
| 650 | _aPesca | ||
| 650 | _aCriacao | ||
| 773 | 0 |
_tPecuaria de Corte (Brazil) _x _g(Jan-Feb 1997), v. 7(63) p. 41-45 _wBR9702606 |
|
| 909 |
_a202311 _bLúcia _c55 _dLúcia Elande |
||
| 942 |
_2AGRIS _n0 _cANA |
||
| 999 |
_c154798 _d154798 |
||